00648 2200205 4500001002100000005001700021008004100038035002400079040001200103082001200115090001800127100001500145245013300160260005500293300002600348650001900374700001900393850001200412990001800424INLIS00000000002387620161103114503.0  0010-111600000000130 aYOPDYOG 223a069 aNUS 069 Has K aHASANUDDIN aKatalog peralatan pertukangan dan pandai besi koleksi museum Negeri Propinsi Sumatera Utarac/ Hasanuddin; editor, Suruhen Purba aMedanbMuseum Negeri Provinsi Sumatera Utarac1997 aiv, 33 hlm.c; 21 cm. aKoleksi Museum aTOLEN SINUHAJI aYOPDYOG a45811-PD/A.13